| 000 | 00529nam a2200181Ia 4500 | ||
|---|---|---|---|
| 005 | 20250507130200.0 | ||
| 008 | 008 250505s9999 xx 000 0 eng d | ||
| 037 | _aSeries Article | ||
| 040 |
_aEASL _beng _cEASL |
||
| 041 |
_aeng _2eng |
||
| 084 | _qEASL | ||
| 245 | 0 | _aSino-Indian relations : From confrontation to accommodation (1988-2001) Faisal O Al-Rfouh | |
| 260 |
_aIndia _bNew Delhi Sage Publication India _c2003 |
||
| 300 | _a21-38 | ||
| 650 | _aChina | ||
| 942 | _cSRA | ||
| 999 |
_c1318172 _d1318172 |
||